000
00321nam a2200109Ia 4500
008
200302s9999 xx 000 0 und d
100
_a
Simon Guy, Simon Marvin & Timothy Moss
245
_a
Urban Nfrastructue In Transition
260
_b
Earthscan Publications Ltd, London and Sterling, VA
260
_c
2012
300
_a
211 p
999
_c
4963
_d
4963